000 00365nam a2200145Ia 4500
008 240729s9999 xx 000 0 und d
022 _a2574-3805
245 0 _aJAMA Network Open
260 _aUnited States
260 _bJAMA Network
650 _aMedicine
856 _uhttps://doaj.org/toc/f662f1870e884a2ab92eac37660f4663
942 _2ddc
942 _cDOAJEJ
999 _c69872
_d69872
945 _a1
_bMadushi Gamage
_c1
_dMadushi Gamage